| 000 | 00890cad a22002175a 4500 | ||
|---|---|---|---|
| 001 | L155730 | ||
| 008 | 120412s2012 xxk f 000 0 eng d | ||
| 035 | _a(Sirsi) u155730 | ||
| 041 | 0 | _aeng | |
| 110 | 2 |
_aKnight Frank _91530 |
|
| 245 | 0 | 0 |
_aCountry house prices dip 0.5% in Q1 2012 _h[electronic resource] |
| 260 |
_aLondon _cKnight Frank _b2012 |
||
| 490 | 0 |
_aKnight Frank Prime Country House Index _vQ1 2012 |
|
| 520 | _aPrime country house prices fell 0.5% in Q1 2012. Annual decline in prices widened to 4.15. Super prime (properties worth £5m or more) continues to rise. Sale volumes increase. | ||
| 590 | _aKA NTK | ||
| 650 | 2 | 4 | _aKnight Frank Prime Country House Index |
| 651 | 4 | _aUNITED KINGDOM | |
| 690 |
_aResidential property _96266 |
||
| 856 | 4 | 0 |
_uhttps://knightfrank.com/research/ _zView the item free of charge under researcy as knightfrank.com/research |
| 942 | _n0 | ||
| 999 |
_c113778 _d113778 |
||